Los misterios del universo : astronomía /

Cuarto de seis tomos de esta serie sobre varios de los más importantes avances de la ciencia a lo largo del siglo XX, dedicado a las ciencias astronómicas. A partir de las aportaciones de los pueblos prehispánicos, son presentadas algunas de las contribuciones de investigadores mexicanos a la cosmol...

সম্পূর্ণ বিবরণ

সংরক্ষণ করুন:
গ্রন্থ-পঞ্জীর বিবরন
প্রধান লেখক: Fortes Besprosvani, Mauricio (coord.)
অন্যান্য লেখক: Villela Vega, Jorge (realización) (realización), Domínguez Cevallos, Lucina (guión) (guión), Puertas Rivas, José Luis (guión) (guión), Ascensio Rex, Jaime (fotógrafo) (fotógrafo), Chávez Téllez, Eduardo (fotógrafo) (fotógrafo), Tamez Domínguez, Gerardo (música) (música)
বিন্যাস: স্লাইড্
ভাষা:স্প্যানিশ
প্রকাশিত: México : Secretaría de Educación Pública : Instituto Latinoamericano de la Comunicación Educativa, 2000, c2000
মালা:(Revoluciones Científicas Siglo XX ; 4)
বিষয়গুলি:
ট্যাগগুলো: ট্যাগ যুক্ত করুন
কোনো ট্যাগ নেই, প্রথমজন হিসাবে ট্যাগ করুন!

MARC

LEADER 00000ngm^a2200000^a^4500
001 000136018
005 20250521000000.0
009 20260310095304.788
037 |a Acervo ITESO - Biblioteca 
041 |a ESP 
082 |a 509.  |b FOR V. 4 
100 |a Fortes Besprosvani, Mauricio  |e (coord.) 
240 1 1 |a [Revoluciones científicas siglo XX] 
245 1 4 |a Los misterios del universo :  |b astronomía /  |c Coord. de la serie de M. Fortes Besprosvani ; dir. de J. Villela Vega. 
264 4 |a México :  |b Secretaría de Educación Pública :  |b Instituto Latinoamericano de la Comunicación Educativa,  |c 2000, c2000 
300 |a 1 videocasete VHS  |c (27 min.) 
336 |a imagen móvil bidimensional  |b tdi  |2 rdacontenido 
337 |a video  |b v  |2 rdamedio 
338 |a videocasete  |b vf  |2 rdasoporte 
440 1 |a (Revoluciones Científicas Siglo XX ;  |v 4) 
520 |a Cuarto de seis tomos de esta serie sobre varios de los más importantes avances de la ciencia a lo largo del siglo XX, dedicado a las ciencias astronómicas. A partir de las aportaciones de los pueblos prehispánicos, son presentadas algunas de las contribuciones de investigadores mexicanos a la cosmología moderna, además de abordar preguntas que pretende responder la astrofísica contemporánea y que son fundamentales para la humanidad: ¿el universo tuvo principio?, ¿tendrá fin?, ¿es infinito?, ¿existe vida en otros sitios fuera del sistema solar? 
649 |a XX 
650 |a Astrónomos Mexicanos 
650 |a Científicos Mexicanos 
650 |a Indígenas de México 
650 |a Vida en Otros Planetas 
650 |a Sistema Solar 
650 |a Astrofísica 
650 |a Astronomía -  |z México -  |x Historia -  |y Epoca Prehispánica 
650 |a Cosmología 
650 |a Ciencia -  |z México -  |x Historia -  |y Epoca Prehispánica 
650 |a Ciencia -  |z México -  |x Historia -  |y Siglo XX 
650 |a Ciencia -  |x Historia -  |y Siglo XX 
700 |a Villela Vega, Jorge  |e (realización) 
700 |a Domínguez Cevallos, Lucina  |e (guión) 
700 |a Puertas Rivas, José Luis  |e (guión) 
700 |a Ascensio Rex, Jaime  |e (fotógrafo) 
700 |a Chávez Téllez, Eduardo  |e (fotógrafo) 
700 |a Tamez Domínguez, Gerardo  |e (música) 
910 |a Fondo General 
920 |a Audiovisuales - Videocasetes 
905 |a 301 
901 |a 0500055632  |b IT2  |c VIS  |u 20250521 
902 |a https://opac.biblio.iteso.mx/vufind/Record/000136018